[Event "42nd TCh-ITA Masters"]
[Site "Arvier ITA"]
[Date "2010.04.30"]
[Round "3"]
[White "Malloni,M"]
[Black "Mantovani,R"]
[Result "1/2-1/2"]
[WhiteElo "2287"]
[BlackElo "2338"]
[EventDate "2010.04.29"]

1. e4 c5 2. Nf3 d6 3. d4 cxd4 4. Nxd4 Nf6 5. Nc3 Nc6 6. Bc4 e6 7. Be3 a6 8.
O-O Na5 9. Bd3 Qc7 10. Qe2 b5 11. a3 Bb7 12. Rae1 Rc8 13. Kh1 d5 14. exd5
Nxd5 15. Nxd5 Bxd5 16. Qg4 Bd6 17. Nf5 exf5 18. Bb6+ Be6 19. Bxc7 fxg4 20.
Bxd6 Nc4 21. Bxc4 Rxc4 22. Re2 Kd7 23. Rd1 Kc8 24. Be5 Rg8 25. c3 Rc6 26.
Bd4 h5 27. Re5 h4 28. Rde1 h3 29. gxh3 gxh3 30. Rg5 g6 31. Kg1 Rd8 32. f3
Rcd6 33. Kf2 Kb7 34. Kg3 Rd5 35. Rxd5 Rxd5 36. f4 Kc6 37. Kf3 Rf5 38. Re5
Rxe5 39. Bxe5 Kd5 40. b4 g5 41. Bd4 g4+ 42. Kg3 Kc4 43. Bf6 Kb3 44. Be5
Kxa3 45. Bf6 Kb3 46. Be5 Ka4 47. Bf6 a5 48. bxa5 Kxa5 49. Be5 Kb6 50. Bf6
Kc5 51. Be5 Kd5 52. Bf6 Ke4 53. Be5 f5 54. Bh8 Bc4 55. Bg7 Kd3 1/2-1/2

[Event "42nd TCh-ITA Masters"]
[Site "Arvier ITA"]
[Date "2010.04.30"]
[Round "3"]
[White "Salvador,R"]
[Black "Radulski,J"]
[Result "1-0"]
[WhiteElo "2483"]
[BlackElo "2592"]
[EventDate "2010.04.29"]

1. d4 d5 2. Nf3 Nf6 3. c4 e6 4. Nc3 Be7 5. Bg5 Nbd7 6. e3 h6 7. Bh4 O-O 8.
Qc2 c5 9. cxd5 cxd4 10. Nxd4 Nxd5 11. Bxe7 Nxe7 12. Be2 Nf6 13. O-O Bd7 14.
Rfd1 Qa5 15. Ne4 Nxe4 16. Qxe4 Nd5 17. Qe5 Qb6 18. Bf3 Nf6 19. Nb3 Rac8 20.
Rd6 Qc7 21. Qd4 Ba4 22. Qb4 b6 23. Rd3 Bxb3 24. Qxb3 Qe5 25. Rad1 Rc5 26.
Rd4 Rfc8 27. Qd3 g5 28. h3 Kg7 29. g3 Rc2 30. Rd2 Rxd2 31. Qxd2 Qf5 32. Kg2
Qb1 33. Bd1 Qxa2 34. h4 Rc5 35. hxg5 hxg5 36. e4 a5 37. Qe2 e5 38. Rd6 Qc4
39. Qf3 Nxe4 40. Bb3 Nxd6 41. Bxc4 Nxc4 42. Qf5 Rb5 43. Qxg5+ Kf8 44. Qd8+
Kg7 45. Qd7 Rb4 46. b3 Na3 47. Qe7 e4 48. g4 Nc2 49. g5 Ne1+ 50. Kg3 Rxb3+
51. Kg4 Nd3 52. Qf6+ Kf8 53. Qd8+ Kg7 54. Qf6+ Kf8 55. Kh5 Nc5 56. f4 Ke8
57. Qh8+ Ke7 58. Qe5+ Kd7 59. f5 Rb1 60. Qd5+ Ke8 61. f6 Rh1+ 62. Kg4 Rg1+
63. Kh4 Rh1+ 64. Kg3 Rg1+ 65. Kh2 Rb1 66. Qd6 1-0

[Event "42nd TCh-ITA Masters"]
[Site "Arvier ITA"]
[Date "2010.04.30"]
[Round "3"]
[White "Godena,M"]
[Black "Garcia Palermo,C"]
[Result "1/2-1/2"]
[WhiteElo "2561"]
[BlackElo "2440"]
[EventDate "2010.04.29"]

1. e4 c6 2. d4 d5 3. Nd2 g6 4. c3 Bg7 5. Bd3 Nh6 6. Ngf3 O-O 7. O-O f6 8.
Re1 Nf7 9. c4 e6 10. b4 b6 11. Qb3 dxe4 12. Nxe4 Re8 13. Bb2 f5 14. Ng3 c5
15. Rad1 cxb4 16. Qxb4 Bb7 17. Be2 Nc6 18. Qa3 Qc7 19. c5 1/2-1/2

[Event "42nd TCh-ITA Masters"]
[Site "Arvier ITA"]
[Date "2010.04.30"]
[Round "3"]
[White "Borgo,G"]
[Black "D'Amore,C"]
[Result "1/2-1/2"]
[WhiteElo "2442"]
[BlackElo "2484"]
[EventDate "2010.04.29"]

1. e4 e5 2. Nf3 Nc6 3. d4 exd4 4. Nxd4 Bc5 5. Nxc6 Qf6 6. Qf3 bxc6 7. Nd2
a5 8. Nb3 Bb6 9. a4 d6 10. Bd2 Be6 11. Bc3 Qh6 12. Nd4 Ne7 13. Bd3 O-O 14.
O-O Bxd4 15. Bxd4 c5 16. Be3 Qh4 17. e5 Nd5 18. exd6 Nxe3 19. Qxe3 cxd6 20.
Bb5 Qf6 21. c3 Rac8 22. Rad1 d5 23. Rd2 Rfd8 24. Rfd1 g5 25. h3 h6 26. Rd3
d4 27. cxd4 Rxd4 28. Rxd4 cxd4 29. Rxd4 Rc1+ 30. Qxc1 Qxd4 31. Qc3 Qd1+ 32.
Kh2 Qd6+ 33. Qg3 Qd4 34. h4 Qxh4+ 35. Qxh4 gxh4 36. g3 hxg3+ 37. Kxg3 Kg7
38. Kf4 Kf6 39. Be2 Bb3 40. Bb5 Be6 41. Be2 Bb3 42. Bb5 1/2-1/2

[Event "42nd TCh-ITA Masters"]
[Site "Arvier ITA"]
[Date "2010.04.30"]
[Round "3"]
[White "Macieja,B"]
[Black "Gyimesi,Z"]
[Result "1/2-1/2"]
[WhiteElo "2625"]
[BlackElo "2586"]
[EventDate "2010.04.29"]

1. c4 Nf6 2. Nf3 e6 3. g3 d5 4. Bg2 dxc4 5. Qa4+ Nbd7 6. Qxc4 a6 7. Qb3 c5
8. a4 Rb8 9. a5 Bd6 10. O-O O-O 11. d3 Bc7 12. Qa3 Nd5 13. Bg5 f6 14. Bd2
Bd6 15. Nc3 Nxc3 16. bxc3 b5 17. axb6 Qxb6 18. Be3 Qc7 19. Nd2 c4 20. Qa2
cxd3 21. Qxe6+ Kh8 22. exd3 Ne5 23. Qd5 Rb5 24. Qe4 Bb7 25. Qa4 Qxc3 26.
Bxb7 Rxb7 27. Ne4 Qc7 28. Rfc1 Qe7 29. Nxd6 Qxd6 30. Bc5 Qd5 31. Qe4 Rd8
32. Qxd5 Rxd5 33. d4 Nd3 34. Rc3 Nxc5 35. Rxa6 Ne6 36. Rxe6 Kg8 37. Rc8+
Kf7 38. Re4 Rbd7 39. Rc4 g6 40. g4 h5 41. h3 hxg4 42. hxg4 f5 43. gxf5 gxf5
44. Rf4 Kf6 45. Kg2 Kg5 46. Kg3 R5d6 47. Rb4 Rd8 48. Ra4 R8d7 49. Rc4 Rd8
50. Rb4 R8d7 51. Ra4 Rd8 52. Rc4 R8d7 53. Rh4 Rd8 54. Ra4 R8d7 55. Rf4 Rd8
56. Ra5 Rd5 57. Rc5 R8d7 58. Rf3 Rxd4 59. Rfxf5+ Kg6 60. Rg5+ Kh7 61. Rh5+
Kg8 62. f4 Rd1 63. Rc8+ Rd8 64. Rcc5 Rg1+ 65. Kf3 Kg7 66. Rc7+ Kg6 67. Rhc5
Rf1+ 68. Kg4 Rg1+ 69. Kf3 Rf1+ 70. Ke3 Re8+ 71. Re5 Re1+ 72. Kf3 R1xe5 73.
fxe5 Rxe5 74. Rc6+ 1/2-1/2

[Event "42nd TCh-ITA Masters"]
[Site "Arvier ITA"]
[Date "2010.04.30"]
[Round "3"]
[White "Genocchio,D"]
[Black "Napoli,N"]
[Result "1/2-1/2"]
[WhiteElo "2443"]
[BlackElo "2362"]
[EventDate "2010.04.29"]

1. d4 c5 2. c3 d5 3. Nf3 e6 4. Bf4 Nc6 5. e3 Bd6 6. Bg3 Nf6 7. Nbd2 O-O 8.
Bd3 Qe7 9. O-O e5 10. dxe5 Nxe5 11. Nxe5 1/2-1/2

[Event "42nd TCh-ITA Masters"]
[Site "Arvier ITA"]
[Date "2010.04.30"]
[Round "3"]
[White "Vocaturo,D"]
[Black "Ortega,Le"]
[Result "1-0"]
[WhiteElo "2489"]
[BlackElo "2479"]
[EventDate "2010.04.29"]

1. e4 e5 2. Nf3 Nc6 3. Bc4 Bc5 4. c3 Nf6 5. d3 a6 6. O-O d6 7. Bb3 Ba7 8.
Re1 h6 9. Nbd2 O-O 10. Nf1 Re8 11. Be3 Be6 12. Bxa7 Rxa7 13. Bxe6 Rxe6 14.
d4 Re8 15. Ng3 Ra8 16. Qb3 Rb8 17. Rad1 Nd7 18. Re3 Qf6 19. h3 g6 20. Qc4
Rbc8 21. Nh2 Nb6 22. Qd3 h5 23. Rf3 Qg5 24. Nf5 d5 25. h4 dxe4 26. Qc2 Qd8
27. Nh6+ Kg7 28. Rxf7+ Kxh6 29. Qc1+ g5 30. dxe5 1-0

[Event "42nd TCh-ITA Masters"]
[Site "Arvier ITA"]
[Date "2010.04.30"]
[Round "3"]
[White "Ferro,Ma"]
[Black "Xia,J"]
[Result "1/2-1/2"]
[WhiteElo "2259"]
[BlackElo "2204"]
[EventDate "2010.04.29"]

1. d4 Nf6 2. Nf3 g6 3. g3 Bg7 4. Bg2 O-O 5. c4 d6 6. Nc3 c6 7. O-O Nbd7 8.
e4 e5 9. h3 exd4 10. Nxd4 Re8 11. Bf4 Ne5 12. b3 1/2-1/2

[Event "42nd TCh-ITA Masters"]
[Site "Arvier ITA"]
[Date "2010.04.30"]
[Round "3"]
[White "Rombaldoni,Ax"]
[Black "Collutiis,D"]
[Result "1/2-1/2"]
[WhiteElo "2439"]
[BlackElo "2426"]
[EventDate "2010.04.29"]

1. e4 e5 2. Nf3 Nc6 3. Bc4 Bc5 4. c3 Nf6 5. d3 a6 6. O-O O-O 7. d4 Ba7 8.
dxe5 Nxe4 9. Bd5 Nc5 10. b4 Ne6 11. Nbd2 Ne7 12. Ne4 Nxd5 13. Qxd5 d6 14.
exd6 f5 15. Neg5 Qxd6 16. Qxd6 cxd6 17. Re1 Re8 18. Bf4 h6 19. Nxe6 Bxe6
20. Bxd6 Rac8 21. Be5 Bd5 22. Rad1 Rcd8 23. Re2 Bxa2 24. Rxd8 Rxd8 25. Bd4
Bxd4 26. Nxd4 Bf7 27. f4 Rc8 28. Re3 g6 29. Re7 Rxc3 30. Rxb7 Rc4 31. Nf3
Bd5 32. Rb6 Bxf3 33. gxf3 Kf7 34. Rb7+ Kf8 1/2-1/2

[Event "42nd TCh-ITA Masters"]
[Site "Arvier ITA"]
[Date "2010.04.30"]
[Round "3"]
[White "Rombaldoni,D"]
[Black "Georgiev,Ki"]
[Result "0-1"]
[WhiteElo "2482"]
[BlackElo "2669"]
[EventDate "2010.04.29"]

1. d4 Nf6 2. c4 e6 3. Nf3 d5 4. Nc3 dxc4 5. e3 a6 6. Bxc4 b5 7. Bd3 Bb7 8.
O-O c5 9. dxc5 Bxc5 10. e4 Nbd7 11. Qe2 Qb8 12. Bg5 O-O 13. Rad1 Bd6 14. a3
Ng4 15. h3 Nge5 16. Nxe5 Nxe5 17. Bb1 Ng6 18. Rd2 Bh2+ 19. Kh1 Bf4 20. Bxf4
Qxf4 21. Rfd1 Rac8 22. Rd4 Ne5 23. Ba2 h6 24. Qd2 Qxd2 25. R1xd2 g5 26. Kh2
Kg7 27. Bb3 Kf6 28. Kg1 Ke7 29. Kf1 Rc7 30. Ke2 Rfc8 31. g3 Ba8 32. f4 Ng6
33. f5 Nf8 34. a4 bxa4 35. Bxa4 Bc6 36. e5 exf5 37. Rd6 Ne6 38. Bxc6 Rxc6
39. Nd5+ Kf8 40. Ne3 Rc5 41. Nxf5 Rxe5+ 42. Ne3 Re8 43. R2d3 Nc5 44. Ra3
Ne4 45. Rdxa6 Nxg3+ 46. Kf3 Nf5 47. Nxf5 Rxf5+ 48. Kg3 Kg7 49. Rb6 Re1 50.
Rf3 Rg1+ 51. Kf2 Rf1+ 52. Kxf1 Rxf3+ 53. Kg2 Rd3 54. b4 Rb3 55. Rb8 f6 56.
b5 Kg6 57. Rg8+ Kh5 58. Rf8 Kg6 59. Rg8+ Kf7 60. Rb8 h5 61. b6 Kg6 62. b7
Kf5 63. Kf1 Kf4 64. Rf8 Rxb7 65. Rxf6+ Kg3 66. Rh6 h4 0-1

[Event "42nd TCh-ITA Masters"]
[Site "Arvier ITA"]
[Date "2010.04.30"]
[Round "3"]
[White "Caprio,G"]
[Black "Aranovitch,E"]
[Result "0-1"]
[WhiteElo "2223"]
[BlackElo "2349"]
[EventDate "2010.04.29"]

1. e4 c5 2. Nf3 d6 3. d4 cxd4 4. Nxd4 Nf6 5. Nc3 Nc6 6. Bc4 e6 7. Be3 a6 8.
Qe2 Qc7 9. O-O-O Na5 10. Bd3 b5 11. Bg5 Be7 12. a3 Rb8 13. f4 O-O 14. e5
dxe5 15. fxe5 Nd5 16. Bxe7 Qxe7 17. Nxd5 exd5 18. Kb1 Bd7 19. c3 Nc4 20.
Rhe1 Rfe8 21. Qf3 Rbd8 22. Qxd5 Nxe5 23. Nf3 Bg4 24. Qxe5 Qxe5 25. Nxe5
Bxd1 26. Rxd1 Rxe5 27. Bxh7+ Kxh7 28. Rxd8 Re2 29. g3 Rxh2 30. Rd6 Rg2 31.
Rxa6 Rxg3 32. Rb6 f5 33. Rxb5 f4 34. Rf5 g5 35. a4 Kg6 36. Rf8 Kg7 37. Rf5
Kg6 38. Rf8 Rh3 39. a5 Kg7 40. a6 Rh1+ 41. Ka2 Rh6 42. Ra8 Rf6 43. b4 f3
44. b5 f2 45. a7 f1=Q 46. Rg8+ Kxg8 47. a8=Q+ Rf8 48. Qe4 Rf2+ 49. Ka3 Qa1+
50. Kb3 Qa2+ 0-1

[Event "42nd TCh-ITA Masters"]
[Site "Arvier ITA"]
[Date "2010.04.30"]
[Round "3"]
[White "Bentivegna,F"]
[Black "Efimov,Ig"]
[Result "1/2-1/2"]
[WhiteElo "2361"]
[BlackElo "2459"]
[EventDate "2010.04.29"]

1. e4 e6 2. d4 d5 3. Nc3 Bb4 4. Nge2 dxe4 5. a3 Be7 6. Nxe4 Nd7 7. N2g3
Ngf6 8. Bd3 O-O 9. O-O Nxe4 10. Nxe4 Nf6 11. c3 Bd7 12. Re1 Bc6 13. Nxf6+
Bxf6 14. Bf4 1/2-1/2

[Event "42nd TCh-ITA Masters"]
[Site "Arvier ITA"]
[Date "2010.04.30"]
[Round "4"]
[White "Xia,J"]
[Black "Rombaldoni,Ax"]
[Result "0-1"]
[WhiteElo "2204"]
[BlackElo "2439"]
[EventDate "2010.04.29"]

1. e4 c5 2. Nf3 d6 3. d4 cxd4 4. Nxd4 Nf6 5. Nc3 Bd7 6. Be2 e5 7. Nb3 Bc6
8. Bf3 Be7 9. O-O O-O 10. Qe2 a5 11. Bg5 Nxe4 12. Bxe4 Bxg5 13. Rad1 f5 14.
Bd5+ Kh8 15. Rd3 a4 16. Nd2 e4 17. Rh3 Ra5 18. Ndxe4 fxe4 19. Qxe4 h6 20.
f4 Bf6 21. Qg6 Bd4+ 22. Kh1 Qf6 0-1

[Event "42nd TCh-ITA Masters"]
[Site "Arvier ITA"]
[Date "2010.04.30"]
[Round "4"]
[White "Shirov,A"]
[Black "Dvirnyy,D"]
[Result "1-0"]
[WhiteElo "2737"]
[BlackElo "2450"]
[EventDate "2010.04.29"]

1. e4 e6 2. d4 d5 3. Nc3 Bb4 4. e5 c5 5. a3 Bxc3+ 6. bxc3 Ne7 7. Qg4 Qc7 8.
Qxg7 Rg8 9. Qxh7 cxd4 10. Ne2 Nbc6 11. f4 dxc3 12. Nxc3 a6 13. Bb2 Bd7 14.
O-O-O O-O-O 15. Qd3 Na5 16. g3 Kb8 17. Ne2 Bb5 18. Qc3 Qb6 19. Qd4 Qc7 20.
Qc3 Qb6 21. Nd4 Rc8 22. Qb4 Nec6 23. Nxc6+ Nxc6 24. Qd2 Na5 25. Bc3 Rxc3
26. Qxc3 Rc8 27. Qb2 Qe3+ 28. Kb1 Rc5 29. Bd3 Bxd3 30. Rxd3 Qe4 31. Qc1
Rb5+ 32. Ka1 Qxd3 33. cxd3 Nb3+ 34. Ka2 Nxc1+ 35. Rxc1 1-0

[Event "42nd TCh-ITA Masters"]
[Site "Arvier ITA"]
[Date "2010.04.30"]
[Round "4"]
[White "Tassi,O"]
[Black "Rotoni,M"]
[Result "1-0"]
[WhiteElo "2300"]
[BlackElo "2138"]
[EventDate "2010.04.29"]

1. c4 e5 2. Nc3 Nc6 3. g3 g6 4. Bg2 Bg7 5. e4 d6 6. Nge2 h5 7. h3 h4 8. d3
hxg3 9. fxg3 Be6 10. Nd5 Qd7 11. Qb3 O-O-O 12. h4 Kb8 13. Bg5 Rf8 14. Nb4
Nxb4 15. Qxb4 Ne7 16. Qd2 Nc6 17. O-O-O Bg4 18. Rdf1 f5 19. exf5 gxf5 20.
Bf3 Bxf3 21. Rxf3 e4 22. dxe4 Ne5 23. Rb3 fxe4 24. Kb1 Nxc4 25. Qd5 Nb6 26.
Qxe4 Re8 27. Qc2 Re5 28. Bf4 Rc5 29. Qg6 Nd5 30. Bd2 Be5 31. Nf4 Nf6 32.
Nd3 Rc6 33. Nxe5 dxe5 34. Rd3 Qe6 35. Bc3 Rg8 36. Qg5 a6 37. Qxe5 Qc4 38.
Rhd1 Ng4 39. Rd8+ Rxd8 40. Rxd8+ Ka7 41. Qd4+ b6 42. Qxc4 Rxc4 43. Rd4 Rxd4
44. Bxd4 Kb7 45. h5 1-0

[Event "42nd TCh-ITA Masters"]
[Site "Arvier ITA"]
[Date "2010.04.30"]
[Round "4"]
[White "Pavasovic,D"]
[Black "Radulski,J"]
[Result "1/2-1/2"]
[WhiteElo "2579"]
[BlackElo "2592"]
[EventDate "2010.04.29"]

1. e4 e5 2. Nf3 Nc6 3. Bc4 Nf6 4. Ng5 d5 5. exd5 Na5 6. Bb5+ c6 7. dxc6
bxc6 8. Be2 h6 9. Nf3 e4 10. Ne5 Bc5 11. c3 Qc7 12. d4 1/2-1/2

[Event "42nd TCh-ITA Masters"]
[Site "Arvier ITA"]
[Date "2010.04.30"]
[Round "4"]
[White "Lucaroni,M"]
[Black "Bontempi,P"]
[Result "0-1"]
[WhiteElo "2266"]
[BlackElo "2367"]
[EventDate "2010.04.29"]

1. e4 c5 2. Nf3 Nc6 3. d4 cxd4 4. Nxd4 g6 5. Nc3 Bg7 6. Nb3 Nf6 7. Be2 O-O
8. O-O b6 9. Re1 Bb7 10. Bf1 Rc8 11. Bg5 Ne5 12. f4 Nc4 13. Bxc4 Rxc4 14.
Qd3 Qc8 15. Nd2 Rb4 16. Rab1 Qc5+ 17. Kh1 Ng4 18. Nd1 Rd4 19. Qe2 Qxc2 20.
Qxg4 Rxd2 0-1

[Event "42nd TCh-ITA Masters"]
[Site "Arvier ITA"]
[Date "2010.04.30"]
[Round "4"]
[White "Aranovitch,E"]
[Black "Ferro,Ma"]
[Result "1-0"]
[WhiteElo "2349"]
[BlackElo "2259"]
[EventDate "2010.04.29"]

1. e4 c5 2. Nf3 d6 3. d4 cxd4 4. Nxd4 Nf6 5. Nc3 a6 6. Be3 e5 7. Nf3 Qc7 8.
a4 b6 9. Qd3 Be7 10. Qc4 Qb7 11. Qb3 Be6 12. Qxb6 Qc8 13. Bg5 Nfd7 14. Qe3
f6 15. Bh4 g5 16. Bg3 Nc6 17. Bd3 Rb8 18. Rb1 Nc5 19. O-O h5 20. h4 Rg8 21.
hxg5 fxg5 22. Nd5 Bxd5 23. exd5 Nb4 24. Nxe5 dxe5 25. Qxe5 Ncxd3 26. cxd3
Rb6 27. Rfe1 Nxd5 28. Qxd5 Kf8 29. Rbc1 Qd8 30. Qf5+ Kg7 31. Rc8 Rg6 32.
Rxd8 Bxd8 33. Re6 Rxe6 34. Qxe6 Rf8 35. Be5+ 1-0

[Event "42nd TCh-ITA Masters"]
[Site "Arvier ITA"]
[Date "2010.04.30"]
[Round "4"]
[White "Napoli,N"]
[Black "Di Paolo,R"]
[Result "0-1"]
[WhiteElo "2362"]
[BlackElo "2338"]
[EventDate "2010.04.29"]

1. d4 e6 2. Nf3 d5 3. g3 Bd6 4. Bg2 f5 5. c4 c6 6. Qc2 Nf6 7. Nh4 O-O 8.
cxd5 cxd5 9. O-O Nc6 10. Rd1 Bd7 11. Nc3 Ne4 12. Nxe4 fxe4 13. Bf1 Rc8 14.
Qd2 Nb4 15. Ng2 Qf6 16. e3 Rc2 17. Qe1 Rxf2 18. Nf4 Rxf4 19. exf4 Nc2 20.
Qf2 Nxa1 21. Be3 g5 22. Rxa1 gxf4 23. Bc1 0-1

[Event "42nd TCh-ITA Masters"]
[Site "Arvier ITA"]
[Date "2010.04.30"]
[Round "4"]
[White "Brunello,S"]
[Black "Genocchio,D"]
[Result "1-0"]
[WhiteElo "2476"]
[BlackElo "2443"]
[EventDate "2010.04.29"]

1. d4 d6 2. Nf3 g6 3. e4 Bg7 4. Nc3 c6 5. h3 Nf6 6. Bd3 O-O 7. O-O Nbd7 8.
Be3 Qc7 9. Qd2 b5 10. Ne2 Re8 11. Ng3 e5 12. dxe5 dxe5 13. a4 Qb7 14. axb5
cxb5 15. Qa5 a6 16. Bxb5 Nxe4 17. Nxe4 Qxe4 18. Ng5 Qf5 19. Bc6 Rb8 20.
Rad1 h6 21. Ne4 Bf8 22. Qc7 Rb4 23. Nd6 Bxd6 24. Rxd6 Rc4 25. c3 Nf8 26.
Qb6 Re6 27. Bd5 Rxd6 28. Qxd6 Rh4 29. Qd8 Qd7 30. Bxf7+ 1-0

[Event "42nd TCh-ITA Masters"]
[Site "Arvier ITA"]
[Date "2010.04.30"]
[Round "4"]
[White "Olszewski,Mi"]
[Black "Salvador,R"]
[Result "1-0"]
[WhiteElo "2549"]
[BlackElo "2483"]
[EventDate "2010.04.29"]

1. d4 Nf6 2. c4 e6 3. Nf3 b6 4. g3 Ba6 5. Qc2 c5 6. d5 exd5 7. cxd5 g6 8.
Nc3 Bg7 9. Bg2 O-O 10. O-O Re8 11. Re1 d6 12. a4 Nbd7 13. Bf4 Ne5 14. Nxe5
dxe5 15. Bg5 h6 16. Bxf6 Qxf6 17. Red1 Qd6 18. a5 f5 19. e4 Rf8 20. Bh3 f4
21. Be6+ Kh7 22. Qa4 Qe7 23. Rd2 h5 24. Qd7 Qg5 25. Rad1 fxg3 26. hxg3 h4
27. Kh1 Rf3 28. d6 Qh6 29. Kg2 Raf8 30. Bf5 gxf5 31. Kxf3 h3 32. exf5 Qg5
33. Ke4 Bc8 34. Qe7 Qxf5+ 35. Kd5 Rf7 36. Qh4+ Kg8 37. Kc4 Qe6+ 38. Nd5 Rf3
39. Qd8+ Bf8 40. axb6 axb6 41. Kb5 Bd7+ 42. Ka6 Bc8+ 43. Kxb6 Rb3+ 44. Kc7
Ba6 45. Ra1 Rb7+ 46. Kc6 Ra7 47. Kb6 Qf7 48. Ne7+ 1-0

[Event "42nd TCh-ITA Masters"]
[Site "Arvier ITA"]
[Date "2010.04.30"]
[Round "4"]
[White "Mantovani,R"]
[Black "Bentivegna,F"]
[Result "1-0"]
[WhiteElo "2338"]
[BlackElo "2361"]
[EventDate "2010.04.29"]

1. e4 e6 2. d4 d5 3. Nc3 Nc6 4. Nf3 Nf6 5. e5 Ne4 6. Bd3 Bb4 7. Bd2 Nxd2 8.
Qxd2 Bd7 9. a3 Ba5 10. h4 f6 11. Qe3 Qe7 12. b4 Bb6 13. Ne2 O-O-O 14. c3
Nxe5 15. Nxe5 fxe5 16. Qxe5 c6 17. f4 Bc7 18. Qe3 Qf6 19. Kd2 Rhf8 20. g3
Rde8 21. Bxh7 e5 22. dxe5 Bxe5 23. fxe5 Rxe5 24. Qd3 Qh6+ 25. Nf4 Rxf4 26.
gxf4 Qxf4+ 27. Kc2 Qf2+ 28. Kc1 Re3 29. Qd4 Qf3 30. Kb2 Qg2+ 31. Kb3 a5 32.
a4 Re2 33. bxa5 Rb2+ 34. Ka3 Rd2 35. Qf4 d4 36. Rhg1 Qe2 37. Rge1 Qc4 38.
Rh1 1-0

[Event "42nd TCh-ITA Masters"]
[Site "Arvier ITA"]
[Date "2010.04.30"]
[Round "4"]
[White "Collutiis,D"]
[Black "D'Amore,C"]
[Result "1-0"]
[WhiteElo "2426"]
[BlackElo "2484"]
[EventDate "2010.04.29"]

1. e4 e5 2. Nf3 Nc6 3. Bb5 Nf6 4. d3 Bc5 5. c3 O-O 6. O-O d6 7. h3 a6 8.
Ba4 b5 9. Bc2 Ba7 10. Bg5 Qe7 11. Nbd2 Nd8 12. d4 Ne6 13. Be3 Nd7 14. Re1
Qf6 15. Nf1 c5 16. dxe5 dxe5 17. a4 Nb6 18. axb5 axb5 19. Qd6 Bb7 20. Qxe5
Qe7 21. Qh5 g6 22. Qh6 Nc4 23. Bc1 Bb8 24. Rxa8 Bxa8 25. Ng3 Ne5 26. Ng5 f6
27. Nxe6 Qxe6 28. Qe3 Ba7 29. Qe2 Bc6 30. Nf1 Re8 31. Ne3 c4 32. Rd1 Nd3
33. Bxd3 cxd3 34. Qxd3 Bxe3 35. Bxe3 Qxe4 36. Qxe4 Bxe4 37. Rd7 h5 38. Bd4
Re6 39. f3 Bc6 40. Rc7 Be8 41. Kf2 Rd6 42. h4 Re6 43. Kg3 Ra6 44. Kf4 Re6
45. g4 hxg4 46. fxg4 Re2 47. Bxf6 Rxb2 48. Bd4 Rb1 49. Kg5 Rf1 50. Bc5 Rd1
51. Re7 Bf7 52. Kh6 Rd5 53. Rc7 Rd8 54. h5 gxh5 55. g5 1-0

[Event "42nd TCh-ITA Masters"]
[Site "Arvier ITA"]
[Date "2010.04.30"]
[Round "4"]
[White "Vocaturo,D"]
[Black "Bellini,F"]
[Result "1-0"]
[WhiteElo "2489"]
[BlackElo "2493"]
[EventDate "2010.04.29"]

1. e4 e6 2. d4 d5 3. Nc3 dxe4 4. Nxe4 Nd7 5. Nf3 Ngf6 6. Bd3 Nxe4 7. Bxe4
Nf6 8. Bg5 c5 9. O-O cxd4 10. Qe2 Qb6 11. Rfd1 Nxe4 12. Qxe4 f6 13. Bh4 Be7
14. Nxd4 O-O 15. f4 Bc5 16. Kh1 Bxd4 17. Qxd4 Qc6 18. Qd6 Qxd6 19. Rxd6 Re8
20. c4 b6 21. Rad1 Kf7 22. Bg3 Bb7 23. Be1 Kg6 24. Bc3 Kf5 25. Kg1 h5 26.
Rd7 Bc6 27. Rxg7 Rg8 28. Rxg8 Rxg8 29. g3 Rc8 30. Kf2 b5 31. Rd4 bxc4 32.
Rxc4 Bb7 33. Ra4 a6 34. Ra5+ Kg6 35. Ke3 Rd8 36. Rc5 Rd1 37. a3 Bd5 38. Rc8
Rh1 39. Rf8 Rxh2 40. Rxf6+ Kh7 41. Kd4 Re2 42. Kc5 Re3 43. Rf7+ Kg6 44.
Rg7+ Kh6 45. Rg5 Rd3 46. Kd6 Bf3+ 47. Kxe6 Bg4+ 48. Kf7 Rd7+ 49. Ke8 Rd3
50. Ra5 Bd7+ 51. Kf7 Bb5 52. a4 Bc4+ 53. Kf8 Rxg3 54. Rc5 Rg8+ 55. Ke7 Bb3
56. f5 Rg4 57. f6 Re4+ 58. Kf8 Rc4 59. Rxc4 Bxc4 60. Ke7 Kg6 61. b4 Kf5 62.
b5 axb5 63. axb5 h4 64. b6 h3 65. Be5 Bd5 66. Bc7 1-0

[Event "42nd TCh-ITA Masters"]
[Site "Arvier ITA"]
[Date "2010.04.30"]
[Round "4"]
[White "Georgiev,Ki"]
[Black "Garcia Palermo,C"]
[Result "1-0"]
[WhiteElo "2669"]
[BlackElo "2440"]
[EventDate "2010.04.29"]

1. d4 Nf6 2. c4 e6 3. g3 d5 4. Nf3 Bb4+ 5. Bd2 Be7 6. Bg2 O-O 7. O-O Nbd7
8. Qb3 c6 9. Bb4 Bxb4 10. Qxb4 b6 11. Rd1 c5 12. dxc5 bxc5 13. Qa3 Rb8 14.
cxd5 exd5 15. e3 Qb6 16. b3 Ne4 17. Qb2 Ndf6 18. Nc3 Nxc3 19. Qxc3 Bb7 20.
Rac1 Ne4 21. Qa1 Rbd8 22. Nd2 Ng5 23. Qe5 h6 24. h4 Rfe8 25. Qf5 Ne6 26.
Kh2 Qa6 27. Bf1 Qxa2 28. Ra1 Qb2 29. Rxa7 Re7 30. Ba6 d4 31. Rxb7 Rxb7 32.
Bxb7 dxe3 33. Nc4 Qxb3 34. Rxd8+ Nxd8 35. Qc8 Qxc4 36. Qxd8+ Kh7 37. fxe3
Qe2+ 38. Bg2 Qxe3 39. Qd5 Qf2 40. Qe4+ f5 41. Qe6 h5 42. Qe7 c4 43. Qe5 g6
44. Qc7+ Kh6 45. Qxc4 Qb2 46. Qf4+ Kh7 47. Kh3 Qa1 48. Bd5 Qa7 49. Qd6 Qa1
50. Qe7+ Qg7 51. Bf7 Kh6 52. Qg5+ Kh7 53. Be8 Qg8 54. Qe7+ Kh6 55. Qe5 Qg7
56. Qd6 Kh7 57. Qc6 Kh6 58. Qe6 Kh7 59. Bf7 Kh6 60. Qe7 Qh7 61. Qg5+ Kg7
62. Be6 Qh6 63. Qe7+ Kh8 64. Qe8+ 1-0

[Event "42nd TCh-ITA Masters"]
[Site "Arvier ITA"]
[Date "2010.05.01"]
[Round "5"]
[White "Rombaldoni,D"]
[Black "Bontempi,P"]
[Result "1-0"]
[WhiteElo "2482"]
[BlackElo "2367"]
[EventDate "2010.04.29"]

1. d4 d5 2. c4 e5 3. dxe5 d4 4. Nf3 Nc6 5. a3 Nge7 6. e3 Bg4 7. h3 Bxf3 8.
Qxf3 Ng6 9. b4 Be7 10. Qd5 O-O 11. b5 Na5 12. exd4 Nb3 13. Bb2 Qxd5 14.
cxd5 Nxa1 15. Bxa1 Nf4 16. Bc4 Nxg2+ 17. Ke2 g5 18. Bb2 a6 19. b6 Rac8 20.
bxc7 Rxc7 21. Nd2 Nf4+ 22. Kf3 Rxc4 23. Nxc4 Nxd5 24. Ne3 Rd8 25. Rc1 Nf4
26. Rc7 Bf8 27. Rxb7 Nd3 28. Nf5 Rc8 29. d5 Rc2 30. Bd4 Nf4 31. Ke4 Nxh3
32. Rb8 Nxf2+ 33. Bxf2 Rxf2 34. d6 Rf4+ 35. Kd5 Rxf5 36. d7 Rf1 37. Rxf8+
Kxf8 38. d8=Q+ Kg7 39. Qxg5+ Kf8 40. Qh6+ Kg8 41. Qxa6 1-0

[Event "42nd TCh-ITA Masters"]
[Site "Arvier ITA"]
[Date "2010.05.01"]
[Round "5"]
[White "Ortega,Le"]
[Black "Lostuzzi,M"]
[Result "1-0"]
[WhiteElo "2479"]
[BlackElo "2406"]
[EventDate "2010.04.29"]

1. d4 Nf6 2. Nf3 c5 3. d5 b5 4. Bg5 d6 5. e4 a6 6. Nbd2 Nbd7 7. a4 Rb8 8.
axb5 axb5 9. b4 e5 10. dxe6 fxe6 11. c4 bxc4 12. Bxc4 Rxb4 13. Bxe6 Be7 14.
O-O Nb6 15. Ba2 Nxe4 16. Bxe7 Qxe7 17. Re1 d5 18. Bxd5 Nxd5 19. Nxe4 Rxe4
20. Qxd5 Re6 21. Rxe6 Bxe6 22. Qa8+ Qd8 23. Qe4 1-0

[Event "42nd TCh-ITA Masters"]
[Site "Arvier ITA"]
[Date "2010.05.01"]
[Round "5"]
[White "Lenic,L"]
[Black "Gyimesi,Z"]
[Result "1/2-1/2"]
[WhiteElo "2603"]
[BlackElo "2586"]
[EventDate "2010.04.29"]

1. c4 Nf6 2. Nc3 e5 3. Nf3 Nc6 4. e3 Bb4 5. Qc2 Bxc3 6. Qxc3 Qe7 7. a3 d5
8. d4 exd4 9. Nxd4 Nxd4 10. Qxd4 c5 11. Qh4 dxc4 12. Bxc4 O-O 13. O-O Be6
14. Be2 Bb3 15. f3 a5 16. e4 a4 17. Bd2 Rfd8 18. Bc3 Nd5 19. Qxe7 Nxe7 20.
Rac1 Nc6 21. Rf2 b6 22. Bf1 f6 23. Rd2 Rxd2 24. Bxd2 Rd8 25. Bc3 Ne5 26.
Kf2 Nd3+ 27. Bxd3 Rxd3 1/2-1/2

[Event "42nd TCh-ITA Masters"]
[Site "Arvier ITA"]
[Date "2010.05.01"]
[Round "5"]
[White "Manca,F"]
[Black "Mocchi,T"]
[Result "0-1"]
[WhiteElo "2366"]
[BlackElo "2236"]
[EventDate "2010.04.29"]

1. e4 c6 2. d4 d5 3. exd5 cxd5 4. c4 Nf6 5. Nc3 e6 6. Nf3 Nc6 7. a3 dxc4 8.
Bxc4 Be7 9. O-O O-O 10. Re1 b6 11. Bd3 Bb7 12. Bc2 Rc8 13. Bg5 g6 14. Qd3
Nd5 15. Bh6 Re8 16. Rad1 Nxc3 17. bxc3 Na5 18. Ne5 Qd5 19. f3 Nc4 20. Ra1
Nxa3 21. Ba4 Red8 22. Ng4 Qc4 23. Qe3 Qxc3 24. Rxa3 Bxa3 25. Qf2 Be7 26.
Be3 Rc4 27. Bb5 Rcxd4 28. Be2 Bc5 29. Nh6+ Kg7 30. Kh1 Ra4 31. Bxc5 Ra1 32.
Rf1 Qxc5 0-1